| 000 | 00640nam a2200193Ia 4500 | ||
|---|---|---|---|
| 003 | GCL | ||
| 008 | 140319s9999 xx 000 0 ara d | ||
| 040 |
_aGCL / _cGCL |
||
| 082 | 0 | 4 |
_a595 _bص ى |
| 100 | 1 | _aصنع الله ابراهيم | |
| 245 | 1 | 0 |
_aاليرقات فى دائره مستمرة (هدية من الاديب عبدالفتاح الجمل) / _cصنع الله ابراهيم |
| 300 | _a88 ص | ||
| 490 |
_aمكتبة الروايات العلمية _v0 |
||
| 650 | 0 | 4 | _aاللافقاريات |
| 650 | 0 | 4 | _aاليرقات |
| 650 | 0 | 4 | _aالشرانق |
| 650 | 0 | 4 | _aاللافقاريات, يرقات |
| 942 |
_2ddc _cBK |
||
| 999 |
_c38213 _d38213 |
||